[Event "HUN-chT2 Barcza 1112 "]
[Site "Hungary"]
[Date "2012.03.25"]
[Round "8"]
[White "Braun, Marton"]
[Black "Paszerbovics, Sandor"]
[Result "1-0"]
[WhiteElo "2284"]
[BlackElo "2097"]
[PlyCount "60"]
[EventDate "2011.09.25"]
[EventType "team-tourn"]
[EventRounds "11"]
[EventCountry "HUN"]
[SourceTitle "EXT 2013"]
[Source "ChessBase"]
[SourceDate "2012.11.22"]
[SourceVersion "1"]
[SourceVersionDate "2012.11.22"]
[SourceQuality "1"]
[WhiteTeam "Debrecen Sakkbaratok"]
[BlackTeam "Balkany"]
[WhiteTeamCountry "HUN"]
[BlackTeamCountry "HUN"]

1. d4 Nf6 2. c4 g6 3. Nc3 Bg7 4. e4 d6 5. h3 c5 6. d5 Nbd7 7. Bd3 Ne5 8. Nge2 0-0 9. 0-0 b6 10. f4 Nxd3 11. Qxd3 Nd7 12. Be3 a6 13. a4 Rb8 14. Ng3 Qc7 15. Rae1 h5 16. e5 dxe5 17. f5 h4 18. Nge4 gxf5 19. Rxf5 Nf6 20. Nxf6+ exf6 21. Rh5 f5 22. Bh6 Bxh6 23. Rxh6 Qe7 24. Qe3 Kg7 25. Rh5 Rh8 26. Rxh8 Kxh8 27. Qh6+ Kg8 28. d6 Qe6 29. Qxh4 Qxd6 30. Rd1 Qxd1+ 1-0

[Event "HUN-chT2 Barcza 1112 "]
[Site "Hungary"]
[Date "2011.10.30"]
[Round "2"]
[White "Paszerbovics, Sandor"]
[Black "Szabo, Balazs"]
[Result "0-1"]
[WhiteElo "2097"]
[BlackElo "2257"]
[PlyCount "52"]
[EventDate "2011.09.25"]
[EventType "team-tourn"]
[EventRounds "11"]
[EventCountry "HUN"]
[SourceTitle "EXT 2013"]
[Source "ChessBase"]
[SourceDate "2012.11.22"]
[SourceVersion "1"]
[SourceVersionDate "2012.11.22"]
[SourceQuality "1"]
[WhiteTeam "Balkany"]
[BlackTeam "DEAC"]
[WhiteTeamCountry "HUN"]
[BlackTeamCountry "HUN"]

1. e4 c5 2. Nf3 Nc6 3. d4 cxd4 4. Nxd4 g6 5. Nxc6 bxc6 6. Qd4 Nf6 7. e5 Ng8 8. e6 Nf6 9. exf7+ Kxf7 10. Nc3 Bg7 11. Qh4 d5 12. Bd3 e5 13. Bh6 Bxh6 14. Qxh6 Ng4 15. Qd2 Qb6 16. 0-0 Kg7 17. Na4 Qd4 18. Qa5 Rf8 19. Qc7+ Rf7 20. Qxc6 Bd7 21. Qxa8 Rxf2 22. Rxf2 Qxf2+ 23. Kh1 Qf4 24. Kg1 Qe3+ 25. Kh1 Nf2+ 26. Kg1 Nh3+ 0-1

[Event "HUN-chT2 Barcza 1011"]
[Site "Hungary"]
[Date "2010.11.21"]
[Round "6.1"]
[White "Paszerbovics, Sandor"]
[Black "Molnar, Peter"]
[Result "0-1"]
[WhiteElo "2024"]
[BlackElo "2273"]
[PlyCount "80"]
[EventDate "2010.09.12"]
[EventType "team-tourn"]
[EventRounds "11"]
[EventCountry "HUN"]
[SourceTitle "EXT 2012"]
[Source "ChessBase"]
[SourceDate "2011.11.24"]
[SourceVersion "1"]
[SourceVersionDate "2011.11.24"]
[SourceQuality "1"]
[WhiteTeam "Balkany"]
[BlackTeam "Edeleny"]
[WhiteTeamCountry "HUN"]
[BlackTeamCountry "HUN"]

1. Nf3 Nf6 2. c4 g6 3. Nc3 d5 4. cxd5 Nxd5 5. e4 Nxc3 6. bxc3 Bg7 7. d4 c5 8. Be3 Qa5 9. Qd2 Nc6 10. Rb1 0-0 11. Rb5 cxd4 12. Nxd4 Qc7 13. Re5 Rd8 14. Bd3 Bd7 15. 0-0 b6 16. Nb5 Qb7 17. Rd5 Be6 18. Rxd8+ Rxd8 19. Rd1 Bc4 20. Qe2 Rxd3 21. Rxd3 Bxb5 22. Rd8+ Nxd8 23. Qxb5 Qc6 24. Qd3 Qd6 25. Qxd6 exd6 26. Bd2 Ne6 27. Kf1 Nc5 28. f3 Na4 29. Bf4 Be5 30. Bd2 Bxc3 31. Bc1 Kf8 32. g3 Ke7 33. Ke2 Nc5 34. Ke3 Ke6 35. Ke2 b5 36. Be3 a5 37. Bh6 a4 38. Ke3 b4 39. Ke2 a3 40. Bc1 b3 0-1

[Event "HUN-chT2 Barcza 0506"]
[Site "Hungary"]
[Date "2006.03.19"]
[Round "9"]
[White "Paszerbovics, Sandor"]
[Black "Szabo, Laszlo1111"]
[Result "0-1"]
[WhiteElo "2006"]
[BlackElo "2120"]
[PlyCount "78"]
[EventDate "2005.10.16"]
[EventType "team"]
[EventRounds "11"]
[EventCountry "HUN"]
[SourceTitle "EXT 2009"]
[Source "ChessBase"]
[SourceDate "2008.11.26"]
[SourceVersion "1"]
[SourceVersionDate "2008.11.26"]
[SourceQuality "1"]
[WhiteTeam "Szabolcs Volan"]
[BlackTeam "Hajduboszormeny II"]
[WhiteTeamCountry "HUN"]
[BlackTeamCountry "HUN"]

1. e4 e6 2. Nf3 d5 3. e5 c5 4. d4 cxd4 5. Nxd4 Nc6 6. Nxc6 bxc6 7. Bd3 Qc7 8. Qe2 Ne7 9. 0-0 Ng6 10. Re1 Bc5 11. c3 0-0 12. Bg5 a5 13. Nd2 f6 14. exf6 gxf6 15. Bh6 Re8 16. Qh5 Qf7 17. Nb3 Bd6 18. Re3 e5 19. Bf5 a4 20. Nd2 e4 21. Rae1 Re5 22. g4 Bxf5 23. gxf5 Qd7 24. f3 Qxf5 25. Qxf5 Rxf5 26. R3e2 Rh5 27. Be3 f5 28. fxe4 fxe4 29. Rg2 Rf8 30. b4 Be5 31. Rb1 Bxc3 32. Nf1 d4 33. Bg5 Rh3 34. b5 cxb5 35. Rxb5 Rhf3 36. Ng3 d3 37. h4 Be5 38. Rxe5 Nxe5 39. Nxe4 Rf1+ 0-1

[Event "HUN-chT2 Barcza 0506"]
[Site "Hungary"]
[Date "2005.10.30"]
[Round "2"]
[White "Paszerbovics, Sandor"]
[Black "Kun, Sandor"]
[Result "1-0"]
[WhiteElo "2006"]
[BlackElo "2169"]
[PlyCount "91"]
[EventDate "2005.10.16"]
[EventType "team"]
[EventRounds "11"]
[EventCountry "HUN"]
[SourceTitle "EXT 2009"]
[Source "ChessBase"]
[SourceDate "2008.11.26"]
[SourceVersion "1"]
[SourceVersionDate "2008.11.26"]
[SourceQuality "1"]
[WhiteTeam "Szabolcs Volan"]
[BlackTeam "Hajduszoboszlo"]
[WhiteTeamCountry "HUN"]
[BlackTeamCountry "HUN"]

1. e4 e5 2. Nf3 Nc6 3. Bc4 Nf6 4. Nc3 Nxe4 5. Nxe4 d5 6. Bb5 dxe4 7. Nxe5 Qd5 8. Bxc6+ bxc6 9. Ng4 Bc5 10. 0-0 Qg5 11. d4 Bxg4 12. Bxg5 Bxd1 13. Raxd1 Bb6 14. Rfe1 f5 15. f3 h6 16. Bf4 0-0-0 17. Be5 exf3 18. gxf3 Rhe8 19. Kf1 g5 20. h3 Re6 21. a3 Rde8 22. Bg7 h5 23. Re5 Rxe5 24. dxe5 g4 25. hxg4 hxg4 26. fxg4 fxg4 27. Kg2 Be3 28. Kg3 c5 29. c3 Rg8 30. Bf6 Bg5 31. Bxg5 Rxg5 32. Kf4 Rg8 33. Rg1 Rf8+ 34. Ke4 Rf2 35. b4 cxb4 36. axb4 Rf3 37. c4 Rb3 38. Rxg4 Rxb4 39. Kd5 Rb6 40. c5 Rh6 41. c6 Rh8 42. Re4 Rh5 43. Ra4 Kb8 44. Rb4+ Ka8 45. Rb7 Rh7 46. Ke6 1-0

[Event "Nyiregyhaza op"]
[Site "Nyiregyhaza"]
[Date "2005.07.16"]
[Round "8"]
[White "Paszerbovics, Sandor"]
[Black "Szulics, Imre"]
[Result "1-0"]
[WhiteElo "2006"]
[BlackElo "2040"]
[PlyCount "115"]
[EventDate "2005.07.09"]
[EventType "swiss"]
[EventRounds "9"]
[EventCountry "HUN"]
[SourceTitle "EXT 2008"]
[Source "ChessBase"]
[SourceDate "2007.11.25"]
[SourceVersion "1"]
[SourceVersionDate "2007.11.25"]
[SourceQuality "1"]

1. e4 c5 2. Nf3 d6 3. Nc3 Nf6 4. Bc4 e6 5. d4 cxd4 6. Nxd4 a6 7. Bd3 Be7 8. 0-0 Nc6 9. Nxc6 bxc6 10. f4 Qb6+ 11. Kh1 Bd7 12. e5 Nd5 13. Nxd5 cxd5 14. a4 g6 15. Qe2 f5 16. exf6 Bxf6 17. c3 Kd8 18. Be3 d4 19. Bf2 Re8 20. Qd2 Bc8 21. b4 Bb7 22. a5 Qc6 23. Bxd4 Bxd4 24. cxd4 Qd5 25. Bc2 e5 26. fxe5 dxe5 27. Qg5+ Kc7 28. Ba4 Re6 29. Rac1+ Kb8 30. Rfd1 h6 31. Qg3 Ka7 32. Rc5 Qa2 33. Bb3 Qe2 34. Rg1 Rf6 35. Rxe5 Qb2 36. d5 Rc8 37. Qe3+ Ka8 38. Re8 Rxe8 39. Qxe8+ Ka7 40. Qe3+ Kb8 41. h3 g5 42. Re1 Rf2 43. Qe5+ Qxe5 44. Rxe5 Rb2 45. Re3 Kc8 46. Kh2 Kd7 47. Kg3 Rd2 48. Ba4+ Kd6 49. Bc6 Bc8 50. Re8 Bf5 51. Kf3 h5 52. Rg8 g4+ 53. hxg4 Bxg4+ 54. Kg3 Rd4 55. Rb8 Bf5 56. Ba8 Rg4+ 57. Kf2 Bd3 58. Rb6+ 1-0

[Event "Nyiregyhaza op"]
[Site "Nyiregyhaza"]
[Date "2005.07.13"]
[Round "5"]
[White "Peczeli, Zoltan"]
[Black "Paszerbovics, Sandor"]
[Result "1-0"]
[WhiteElo "2074"]
[BlackElo "2006"]
[PlyCount "85"]
[EventDate "2005.07.09"]
[EventType "swiss"]
[EventRounds "9"]
[EventCountry "HUN"]
[SourceTitle "EXT 2008"]
[Source "ChessBase"]
[SourceDate "2007.11.25"]
[SourceVersion "1"]
[SourceVersionDate "2007.11.25"]
[SourceQuality "1"]

1. d4 d6 2. e4 Nf6 3. Nc3 g6 4. Nf3 Bg7 5. Be2 0-0 6. 0-0 Nc6 7. Bg5 h6 8. Bf4 Nh5 9. Be3 e5 10. d5 Ne7 11. Qd2 Kh7 12. Ne1 Nf6 13. f3 g5 14. Nd3 Ng6 15. Nd1 Nh5 16. c4 b6 17. b4 Nhf4 18. c5 dxc5 19. bxc5 Nxe2+ 20. Qxe2 Ba6 21. N1f2 Nf4 22. Qc2 Bf6 23. Rfd1 Bxd3 24. Nxd3 Rg8 25. Rac1 b5 26. Bxf4 gxf4 27. Nb4 a5 28. Nc6 Qd7 29. Qb3 Qh3 30. Rc2 b4 31. d6 Qd7 32. Qd5 cxd6 33. Qxd6 Qe6 34. Qxe6 fxe6 35. Rd6 Rge8 36. Rd7+ Kg6 37. Rc7 Bg7 38. Rd2 Kf6 39. Rdd7 Bf8 40. Rf7+ Kg5 41. Nxe5 a4 42. h4+ Kh5 43. Rxf4 1-0

[Event "Nyiregyhaza op"]
[Site "Nyiregyhaza"]
[Date "2004.07.16"]
[Round "7"]
[White "Paszerbovics, Sandor"]
[Black "Szilagyi, Sandor"]
[Result "1-0"]
[WhiteElo "2029"]
[BlackElo "2104"]
[PlyCount "169"]
[EventDate "2004.07.10"]
[EventType "swiss"]
[EventRounds "9"]
[EventCountry "HUN"]
[SourceTitle "EXT 2008"]
[Source "ChessBase"]
[SourceDate "2007.11.25"]
[SourceVersion "1"]
[SourceVersionDate "2007.11.25"]
[SourceQuality "1"]

1. e4 c5 2. Nf3 Nc6 3. Bb5 Qc7 4. Nc3 e6 5. 0-0 a6 6. Bxc6 dxc6 7. e5 b5 8. d3 Bb7 9. Be3 Rd8 10. Qe2 f5 11. Rad1 Be7 12. h4 g6 13. Rfe1 h6 14. g3 Rd7 15. b3 Qd8 16. Nb1 Kf7 17. c4 b4 18. Kg2 a5 19. Qd2 Rd4 20. Rh1 Kg7 21. a4 Qd7 22. Nxd4 cxd4 23. Bf4 c5+ 24. f3 Qd8 25. Qf2 Bf8 26. Rdg1 Qa8 27. Rh2 Ne7 28. Nd2 Nc6 29. Kf1 Qb8 30. Qe2 Be7 31. g4 Rf8 32. gxf5 Rxf5 33. Qg2 Qe8 34. Qg3 Bf8 35. Ne4 Qf7 36. Nf6 Rxf6 37. exf6+ Qxf6 38. Ke2 e5 39. Bd2 Ne7 40. Rhg2 Kh7 41. Qg4 Bc8 42. Qg3 Be6 43. f4 Bg7 44. Kd1 h5 45. Kc2 Bg4 46. fxe5 Qe6 47. Bf4 Nf5 48. Qe1 Bf8 49. Qf2 Bh6 50. Bxh6 Kxh6 51. Qf4+ Kh7 52. Rh2 Kg7 53. Kd2 Ne3 54. Rf2 Bf5 55. Rg5 Kh7 56. Rf3 Qd7 57. Rxe3 dxe3+ 58. Qxe3 Qc6 59. e6 Bxe6 60. Rxc5 Qg2+ 61. Qe2 Qh3 62. Rc7+ Kg8 63. Re7 Bd7 64. Qf2 Be6 65. Re8+ Kh7 66. Qa7+ Bd7 67. Re7+ Kh6 68. Qxd7 Qh2+ 69. Re2 Qf4+ 70. Kc2 Qf6 71. Re7 Qf2+ 72. Kd1 Qf1+ 73. Kd2 Qf2+ 74. Re2 Qf4+ 75. Kc2 Qf6 76. d4 Qf3 77. Re7 Qf2+ 78. Kd1 Qf1+ 79. Kd2 Qf2+ 80. Kd3 Qf3+ 81. Re3 Qh1 82. Qe7 Qb1+ 83. Ke2 Qc2+ 84. Kf3 Qf5+ 85. Kg2 1-0

[Event "Nyiregyhaza op"]
[Site "Nyiregyhaza"]
[Date "2003.07.11"]
[Round "7"]
[White "Paszerbovics, Sandor"]
[Black "Thuroczy, Balazs"]
[Result "1-0"]
[WhiteElo "2032"]
[BlackElo "2011"]
[PlyCount "33"]
[EventDate "2003.07.05"]
[EventType "swiss"]
[EventRounds "9"]
[EventCountry "HUN"]
[SourceTitle "EXT 2005"]
[Source "ChessBase"]
[SourceDate "2004.11.15"]
[SourceVersion "1"]
[SourceVersionDate "2004.11.15"]
[SourceQuality "1"]

1. e4 g6 2. d4 Bg7 3. Nf3 d6 4. Bc4 Nf6 5. Nc3 0-0 6. Bd3 c6 7. h3 b5 8. a4 a6 9. Be3 Bb7 10. Qd2 Nbd7 11. Bh6 Qc7 12. h4 Ng4 13. Bxg7 Kxg7 14. h5 h6 15. Qf4 Ndf6 16. e5 dxe5 17. dxe5 1-0

[Event "Nyiregyhaza op"]
[Site "Nyiregyhaza"]
[Date "2003.07.09"]
[Round "5"]
[White "Paszerbovics, Sandor"]
[Black "Leviczki, Tibor"]
[Result "0-1"]
[WhiteElo "2032"]
[BlackElo "2250"]
[PlyCount "101"]
[EventDate "2003.07.05"]
[EventType "swiss"]
[EventRounds "9"]
[EventCountry "HUN"]
[SourceTitle "EXT 2005"]
[Source "ChessBase"]
[SourceDate "2004.11.15"]
[SourceVersion "1"]
[SourceVersionDate "2004.11.15"]
[SourceQuality "1"]

1. e4 c5 2. Nf3 Nc6 3. d4 cxd4 4. Nxd4 Nf6 5. Nc3 d6 6. Be2 g6 7. 0-0 Bg7 8. Nxc6 bxc6 9. Be3 0-0 10. Rb1 Qc7 11. h3 Rd8 12. f4 Rb8 13. a3 a6 14. Qd2 Bb7 15. Bf3 Nd7 16. Na4 c5 17. c4 Nf6 18. Nc3 Ba8 19. b3 e6 20. Qc2 Re8 21. Rfd1 Red8 22. g4 Ne8 23. Ne2 Rdc8 24. Ng3 Qe7 25. Qg2 a5 26. a4 d5 27. cxd5 exd5 28. e5 d4 29. Bd2 Qa7 30. Bd5 Qd7 31. Bxa8 Rxa8 32. Qe4 Qe6 33. Re1 Qc6 34. Qe2 c4 35. bxc4 Qxc4 36. Qe4 Qc2 37. Qg2 Qxa4 38. f5 Qc6 39. Qf2 Qd5 40. f6 Bf8 41. Qf4 Nc7 42. Ne4 Ne6 43. Qg3 Rcb8 44. Rbd1 a4 45. Ng5 a3 46. Qh4 Nxg5 47. Bxg5 Rb2 48. Bd2 Re8 49. Qg3 a2 50. Qf4 d3 51. Kh2 0-1

[Event "Nyiregyhaza op"]
[Site "Nyiregyhaza"]
[Date "2003.07.08"]
[Round "4"]
[White "Beszterczey, Laszlo"]
[Black "Paszerbovics, Sandor"]
[Result "1-0"]
[WhiteElo "2098"]
[BlackElo "2032"]
[PlyCount "115"]
[EventDate "2003.07.05"]
[EventType "swiss"]
[EventRounds "9"]
[EventCountry "HUN"]
[SourceTitle "EXT 2005"]
[Source "ChessBase"]
[SourceDate "2004.11.15"]
[SourceVersion "1"]
[SourceVersionDate "2004.11.15"]
[SourceQuality "1"]

1. g3 d5 2. Bg2 Nf6 3. d3 e6 4. Nd2 Bd6 5. e4 c6 6. Ngf3 Nbd7 7. 0-0 0-0 8. Re1 e5 9. d4 Nxe4 10. Nxe4 dxe4 11. Rxe4 f5 12. Re2 e4 13. Ng5 Qf6 14. c3 h6 15. Qb3+ Kh8 16. Ne6 Re8 17. Nf4 g5 18. Nh3 b6 19. f3 Ba6 20. Re3 Bd3 21. fxe4 Bxe4 22. Bxe4 fxe4 23. Bd2 Qf5 24. Nf2 Nf6 25. Rae1 Re7 26. c4 Rf8 27. R3e2 Ng4 28. Be3 Qf3 29. Nxg4 Qxg4 30. Bf2 Rf3 31. Qc2 e3 32. Rxe3 Rexe3 33. Rxe3 Rxe3 34. Bxe3 Bxg3 35. h3 Qxh3 36. d5 Bh2+ 37. Kf2 Bg1+ 38. Kxg1 Qxe3+ 39. Kg2 cxd5 40. cxd5 Kg7 41. Qc7+ Kf8 42. d6 Qe4+ 43. Kf2 Qe5 44. Qc8+ Kf7 45. d7 Qxb2+ 46. Ke3 Qa3+ 47. Kd4 Qc5+ 48. Ke4 Qb4+ 49. Kd5 Qd2+ 50. Kc6 Qg2+ 51. Kc7 Qh2+ 52. Kb7 Qg2+ 53. Kb8 Qxa2 54. d8Q Qh2+ 55. Qcc7+ Qxc7+ 56. Kxc7 Kg6 57. Qe8+ Kg7 58. Kc6 1-0

[Event "Nyiregyhaza op"]
[Site "Nyiregyhaza"]
[Date "2001.07.15"]
[Round "9"]
[White "Paszerbovics, Sandor"]
[Black "Kardos Szabo, Imre"]
[Result "1/2-1/2"]
[WhiteElo "2046"]
[BlackElo "2059"]
[PlyCount "168"]
[EventDate "2001.07.07"]
[EventType "swiss"]
[EventRounds "9"]
[EventCountry "HUN"]
[SourceTitle "EXT 2008"]
[Source "ChessBase"]
[SourceDate "2007.11.25"]
[SourceVersion "1"]
[SourceVersionDate "2007.11.25"]
[SourceQuality "1"]

1. e4 c6 2. d4 d5 3. exd5 cxd5 4. c4 Nf6 5. Nc3 Nc6 6. Nf3 Bg4 7. Be2 dxc4 8. Qa4 Bd7 9. Qxc4 Rc8 10. Qb3 Na5 11. Qd1 Nc4 12. 0-0 g6 13. Ne5 Nd6 14. Bf3 Bg7 15. Re1 0-0 16. Bf4 Be8 17. Qd2 Qb6 18. Rab1 Nf5 19. Red1 Rd8 20. Ne2 Nd5 21. Nc4 Qa6 22. Bxd5 Rxd5 23. b3 Nxd4 24. Nxd4 Rxd4 25. Qe3 Rxd1+ 26. Rxd1 Qxa2 27. h3 Bc6 28. Qxe7 Qxb3 29. Ne3 Re8 30. Rd8 Qe6 31. Rxe8+ Bxe8 32. Qxb7 a6 33. Nd5 Bf8 34. Ne3 Qc6 35. Qa7 h6 36. Ng4 g5 37. Be3 Bg7 38. Bb6 f5 39. Ne3 Qc1+ 40. Kh2 f4 41. Nf5 Qa1 42. Nxg7 Qxg7 43. Qxa6 Qe5 44. f3 Bf7 45. Bf2 Be6 46. Qd3 Bf7 47. Bd4 Qd6 48. Qc3 Kh7 49. Bh8 Qg6 50. Qe5 h5 51. Bf6 Kh6 52. h4 gxh4 53. Qxf4+ Kh7 54. Bxh4 Be6 55. Bg5 Qf5 56. Qh4 Kg6 57. Bf4 Bf7 58. Qg3+ Kf6 59. Bh6 Ke6 60. Bg7 Kd5 61. Qh4 Kd6 62. Qd8+ Kc6 63. Qa8+ Kd6 64. Qa3+ Kc6 65. Qe3 Bd5 66. Bd4 Kd7 67. Be5 Ke6 68. Bg3+ Kf7 69. Qa7+ Kg6 70. Qc7 Kf6 71. Bd6 Kg6 72. Be7 Kh6 73. f4 Kg6 74. Bg5 Qe4 75. Qd6+ Kf7 76. Qc7+ Ke8 77. Qb8+ Kd7 78. Qb2 Kc8 79. Qc3+ Kb7 80. Qg7+ Ka6 81. Qf6+ Kb5 82. Qb2+ Kc4 83. Qa2+ Kb5 84. Qb2+ Kc5 1/2-1/2

[Event "Portocom op"]
[Site "Debrecen"]
[Date "1999.10.21"]
[Round "3"]
[White "Kosa, Peter"]
[Black "Paszerbovics, Sandor"]
[Result "0-1"]
[WhiteElo "2134"]
[BlackElo "2040"]
[PlyCount "99"]
[EventDate "1999.??.??"]
[EventType "swiss"]
[EventRounds "9"]
[EventCountry "HUN"]
[SourceTitle "EXT 2001"]
[Source "ChessBase"]
[SourceDate "2000.11.22"]
[SourceVersion "1"]
[SourceVersionDate "2000.11.22"]
[SourceQuality "1"]

1. e4 c5 2. Nf3 Nc6 3. c3 d5 4. exd5 Qxd5 5. d4 cxd4 6. cxd4 e6 7. Nc3 Bb4 8. Be2 Nge7 9. 0-0 Bxc3 10. bxc3 Na5 11. Ne5 Nac6 12. Bf3 Qa5 13. Nxc6 bxc6 14. Bf4 Ba6 15. Re1 Rd8 16. Qc2 Bc4 17. Re5 Qa6 18. Rc5 0-0 19. Be4 h6 20. Rh5 f5 21. Bf3 Ng6 22. Qd2 Nxf4 23. Qxf4 Qb6 24. Rh3 Bxa2 25. Rg3 Rf6 26. Qe5 Kh7 27. Bxc6 Bd5 28. Bxd5 Rxd5 29. Qe2 a5 30. h4 g6 31. Re3 Kg7 32. Qd3 f4 33. Rb1 Qa7 34. Re4 a4 35. c4 Rh5 36. d5 exd5 37. cxd5 Qd7 38. Qe2 Rf7 39. Rb8 a3 40. Ree8 Rxd5 41. Qc2 Qc7 42. Rg8+ Kf6 43. Qxg6+ Ke5 44. Rge8+ Re7 45. Qg7+ Ke6 46. Rb6+ Rd6 47. Qg4+ Kd5 48. Qf5+ Kd4 49. Qxf4+ Kd5 50. Qf5+ 0-1

[Event "Portocom op"]
[Site "Debrecen"]
[Date "1999.10.21"]
[Round "2"]
[White "Paszerbovics, Sandor"]
[Black "Nagy, Attila"]
[Result "1-0"]
[WhiteElo "2040"]
[BlackElo "2187"]
[PlyCount "97"]
[EventDate "1999.??.??"]
[EventType "swiss"]
[EventRounds "9"]
[EventCountry "HUN"]
[SourceTitle "EXT 2001"]
[Source "ChessBase"]
[SourceDate "2000.11.22"]
[SourceVersion "1"]
[SourceVersionDate "2000.11.22"]
[SourceQuality "1"]

1. e4 c5 2. Nf3 a6 3. d4 cxd4 4. Nxd4 e5 5. Nf3 Nf6 6. Nc3 Bb4 7. Bc4 0-0 8. 0-0 Qc7 9. Qd3 Bxc3 10. bxc3 b5 11. Bb3 Bb7 12. Nd2 Rd8 13. Ba3 d5 14. exd5 Bxd5 15. Qe3 Nc6 16. Rfe1 Bxb3 17. cxb3 Nd5 18. Qf3 Nf4 19. Nf1 Rd3 20. Re3 Rad8 21. Rae1 f6 22. Rxd3 Rxd3 23. Re3 Rd7 24. Qg4 Ne7 25. Rg3 g6 26. Bc1 f5 27. Qf3 Ned5 28. Bxf4 Nxf4 29. Qa8+ Rd8 30. Qxa6 Ne2+ 31. Kh1 Nxg3+ 32. hxg3 Qd7 33. Ne3 f4 34. gxf4 exf4 35. Nf1 Qf5 36. Kg1 Kg7 37. c4 bxc4 38. Qxc4 Kh6 39. g3 Rd1 40. b4 Re1 41. b5 fxg3 42. fxg3 Qe5 43. Kf2 Rb1 44. a4 Qe1+ 45. Kg2 Rb2+ 46. Kh3 Rb4 47. Qf7 Qe5 48. Qf8+ Kg5 49. Qxb4 1-0

[Event "Nyiregyhaza op"]
[Site "Nyiregyhaza"]
[Date "1998.??.??"]
[Round "8"]
[White "Konya, Laszlo"]
[Black "Paszerbovics, Sandor"]
[Result "1-0"]
[WhiteElo "2175"]
[BlackElo "2070"]
[PlyCount "123"]
[EventDate "1998.07.??"]
[EventType "swiss"]
[EventRounds "9"]
[EventCountry "HUN"]
[SourceTitle "EXT 2002"]
[Source "ChessBase"]
[SourceDate "2001.11.25"]
[SourceVersion "1"]
[SourceVersionDate "2001.11.25"]
[SourceQuality "1"]

1. d4 Nf6 2. Nf3 d6 3. g3 g6 4. Bg2 Bg7 5. 0-0 0-0 6. c4 Nbd7 7. Qc2 e5 8. dxe5 dxe5 9. Rd1 Qe7 10. Nc3 c6 11. e4 Nb6 12. b3 Bg4 13. Be3 Nbd7 14. Rd2 Bxf3 15. Bxf3 Rfe8 16. Rad1 Nf8 17. Na4 Ne6 18. Qc3 Nd4 19. Bxd4 exd4 20. Qxd4 Nxe4 21. Qxe4 Qxe4 22. Bxe4 Rxe4 23. Rd7 Rb8 24. Nc5 Re2 25. Kf1 Rbe8 26. Rxb7 Rxa2 27. Rdd7 Bf6 28. Rxf7 Bd4 29. Nd3 Rd2 30. Rf3 a5 31. Rd7 Rd1+ 32. Kg2 Bg7 33. Rc7 Rb1 34. Nc5 h5 35. h4 Bf8 36. Rxc6 Ree1 37. Rd3 Kf7 38. Rc7+ Be7 39. Kf3 Re5 40. Ne4 Rf5+ 41. Kg2 Ke8 42. f4 Rb2+ 43. Kf3 Kf8 44. Nf2 Rc2 45. Nd1 Rf6 46. Ne3 Rc1 47. Rxe7 Kxe7 48. Nd5+ Kf7 49. Nxf6 Kxf6 50. Ke4 a4 51. Kd4 a3 52. Rd2 Ra1 53. Kc3 Rg1 54. Kb4 Rxg3 55. Kxa3 Kf5 56. Kb4 Kxf4 57. c5 Ke3 58. Rd6 g5 59. hxg5 Rxg5 60. c6 Rg8 61. Rh6 Rc8 62. Kc5 1-0

[Event "Nyiregyhaza op"]
[Site "Nyiregyhaza"]
[Date "1998.??.??"]
[Round "6"]
[White "Paszerbovics, Sandor"]
[Black "Hajdu, Istvan"]
[Result "0-1"]
[WhiteElo "2070"]
[BlackElo "2195"]
[PlyCount "120"]
[EventDate "1998.07.??"]
[EventType "swiss"]
[EventRounds "9"]
[EventCountry "HUN"]
[SourceTitle "EXT 2002"]
[Source "ChessBase"]
[SourceDate "2001.11.25"]
[SourceVersion "1"]
[SourceVersionDate "2001.11.25"]
[SourceQuality "1"]

1. e4 c5 2. Nc3 Nc6 3. f4 g6 4. Nf3 Bg7 5. Bc4 Na5 6. Qe2 Nxc4 7. Qxc4 d6 8. 0-0 a6 9. a4 Be6 10. Qe2 Nh6 11. d3 0-0 12. h3 Bd7 13. f5 gxf5 14. Nh4 f4 15. Bxf4 e5 16. Bxh6 Qxh4 17. Bxg7 Kxg7 18. Nd5 Kh8 19. Rf3 Rad8 20. Raf1 f5 21. Qf2 Qxf2+ 22. R3xf2 f4 23. a5 Rf7 24. Nb6 Be6 25. Kh2 Rg8 26. Kh1 h5 27. c4 Rg3 28. Rf3 Rfg7 29. R1f2 Kh7 30. Na4 Kh6 31. Nc3 Rxf3 32. Rxf3 h4 33. Kg1 Kg6 34. Kf1 Kf7 35. Nb1 Ke8 36. Nd2 Bf7 37. Rf2 Bh5 38. Nf3 Rg3 39. Nxh4 Rxd3 40. Kg1 Rd1+ 41. Kh2 Kd7 42. Nf5 Bf7 43. b3 Rd3 44. Rf3 Rd2 45. Kg1 Rd1+ 46. Kh2 Rd2 47. Kg1 Rd1+ 48. Kf2 Rd2+ 49. Kf1 Rb2 50. Rd3 Rxb3 51. Rxd6+ Kc7 52. Rh6 Bxc4+ 53. Kg1 Rb1+ 54. Kh2 Ba2 55. Rh7+ Kc6 56. Re7 c4 57. Rxe5 Rd1 58. Re8 Kd7 59. Re7+ Kd8 60. Re5 c3 0-1

[Event "Nyiregyhaza op"]
[Site "Nyiregyhaza"]
[Date "1998.??.??"]
[Round "1"]
[White "Paszerbovics, Sandor"]
[Black "Kovacs, Lajos M"]
[Result "0-1"]
[WhiteElo "2070"]
[BlackElo "2195"]
[PlyCount "88"]
[EventDate "1998.07.??"]
[EventType "swiss"]
[EventRounds "9"]
[EventCountry "HUN"]
[SourceTitle "EXT 2002"]
[Source "ChessBase"]
[SourceDate "2001.11.25"]
[SourceVersion "1"]
[SourceVersionDate "2001.11.25"]
[SourceQuality "1"]

1. e4 e5 2. Nf3 d6 3. d4 exd4 4. Nxd4 Nf6 5. Nc3 Nc6 6. Be2 Bd7 7. Nxc6 Bxc6 8. Bf3 Be7 9. 0-0 0-0 10. Be3 Re8 11. Nd5 Nd7 12. g3 Bf6 13. c3 Ne5 14. Be2 Nd7 15. Qc2 g6 16. Rae1 Bg7 17. Rd1 Nb6 18. c4 Bd7 19. Nf4 Qe7 20. Bf3 Bc6 21. Nd5 Qd8 22. Bd4 Nd7 23. Bxg7 Kxg7 24. Bg2 f6 25. f4 a6 26. Nb4 Nb8 27. c5 Qe7 28. cxd6 cxd6 29. Nd5 Bxd5 30. Rxd5 Nc6 31. Qd2 Rad8 32. Rd1 Qc7 33. a3 Rd7 34. b4 Red8 35. Re1 Qb6+ 36. Kh1 Ne7 37. Rd3 Qb5 38. Rd1 d5 39. Bh3 f5 40. exf5 Nxf5 41. Bxf5 gxf5 42. Rd4 Re7 43. Rxd5 Rxd5 44. Qc3+ Kg6 0-1

[Event "Nyiregyhaza op"]
[Site "Nyiregyhaza"]
[Date "1996.??.??"]
[Round "9"]
[White "Paszerbovics, Sandor"]
[Black "Bokros, Albert"]
[Result "0-1"]
[WhiteElo "2035"]
[BlackElo "2215"]
[PlyCount "98"]
[EventDate "1996.07.??"]
[EventType "swiss"]
[EventRounds "9"]
[EventCountry "HUN"]
[SourceTitle "EXT 2004"]
[Source "ChessBase"]
[SourceDate "2003.11.25"]
[SourceVersion "1"]
[SourceVersionDate "2003.11.25"]
[SourceQuality "1"]

1. d4 Nf6 2. c4 e6 3. Nf3 b6 4. g3 Bb7 5. Bg2 Be7 6. 0-0 0-0 7. Bg5 c5 8. dxc5 bxc5 9. Nc3 d6 10. Qc2 Qb6 11. Rad1 Nc6 12. Bxf6 gxf6 13. e4 Rfd8 14. Qe2 Bf8 15. Qe3 Bg7 16. Rd2 Rd7 17. Rfd1 Rad8 18. Nb5 Ne7 19. h4 Ba6 20. a4 Bb7 21. h5 h6 22. g4 a6 23. Nc3 Nc6 24. Kh2 Qc7 25. Kh3 Nd4 26. Nxd4 cxd4 27. Rxd4 f5 28. R4d3 fxg4+ 29. Kxg4 Qxc4 30. Kh3 d5 31. exd5 exd5 32. Qg3 d4 33. Ne4 Qe6+ 34. Qg4 f5 35. Nf6+ Qxf6 36. Qe2 Re7 37. Qc2 Be4 38. Bxe4 fxe4 39. Rg3 d3 40. Qc5 Rf8 41. Qb4 Qf5+ 42. Kg2 Qxf2+ 43. Kh3 Rf3 44. Qb8+ Kh7 45. b4 Qxg3+ 46. Qxg3 Rxg3+ 47. Kxg3 e3 48. Kf3 e2 49. Re1 d2 0-1